Komunitné centrum

Saved in:
Bibliographic Details
Main Author: Ondrejková, Zdenka (Author)
Other Authors: Šmiralová, Monika (Thesis advisor)
Format: Manuscript Book
Language:Slovak
Published: 2025
Subjects:
Online Access:http://is.stuba.sk/zp/portal_zp.pl?podrobnosti=168416
CRZP
Tags: Add Tag
No Tags, Be the first to tag this record!

MARC

LEADER 00000ntm a22000003a 4500
001 stuzp104260
003 SK-STU
005 20250729143844.4
007 ta
008 150427s2015----xo-----f-mn---000-0-slo-d
040 |a STU  |b slo 
041 0 |a slo 
100 1 |a Ondrejková, Zdenka  |u 010310  |4 aut  |U SvF Stavebná fakulta  |T SvF Katedra architektúry  |X 115736  |U V181|V310  |Y 19  |7 115736 
242 0 1 |a Community centre  |y eng 
245 1 0 |a Komunitné centrum 
260 |c 2025 
650 4 |a komunitné centrum  |2 slo 
650 4 |a Trnávka  |2 slo 
650 4 |a oddych  |2 slo 
650 4 |a voľnočasové aktivity  |2 slo 
650 4 |a komunita  |2 slo 
650 4 |a leisure  |2 eng 
650 4 |a leisure activities  |2 eng 
650 4 |a community  |2 eng 
650 4 |a community center  |2 eng 
650 4 |a Trnávka  |2 eng 
700 1 |a Šmiralová, Monika  |u 010310  |k Z1  |4 ths  |U SvF Stavebná fakulta  |T SvF Katedra architektúry  |X 5225  |U V181|V310  |Y 19  |7 A000005225 
856 4 |u http://is.stuba.sk/zp/portal_zp.pl?podrobnosti=168416 
856 4 |u https://opac.crzp.sk/?fn=detailBiblioForm&sid=C9A1C75A261DD259FC85431E26A3  |z CRZP